000 00298nam a22001337a 4500
008 190306b xxu||||| |||| 00| 0 eng d
020 _a9781416042242
041 _aeng
080 _26th
_a610
100 _a4
101 _aSHM
245 _aMaternal-Fetal Medicine
_cCreasy, R.K
942 _2udc
_cBK
999 _c54659
_d54659